000
00315nam a22001337a 4500
008
170424b xxu||||| |||| 00| 0 eng d
020
_a
9780030148132
041
_a
eng
080
_2
3RD
_a
547
100
_a
12
101
_a
SHM
245
_a
INTRODUCTION TO ORGANIC LABORATORY TECHNIQUES
_c
PAVIA
942
_2
udc
_c
BK
999
_c
11620
_d
11620